LEADER 00839nam a2200205 i 4500 001 000000254510 003 CaOOAMICUS 005 20170607000000.0 008 170607s1814 it u000 u ita u 013 $a233415 026 $at-le uoua lao- tuin (3) 1814 (R) 040 $aSeMil$bita 245 10$aVol. 3. 300 $a324 p. 773 0 $aStaël-Holstein, Anne Louise Germaine $tAlemagna opera della signora baronessa di Staël Holstein. Traduzione italiana fatta sulla seconda edizione francese. Volume 1. [-3.].$dMilano : Per Giovanni Silvestri agli Scalini del Duomo n. 994, 1814.$g3$w()4763 850 $aSeMil 852 $aSeMil$W1$xVenegono$y1$m3U IV 14 FA$j204856$B204856$CSeMilBibl$Z2$F218389 $8I 941 1 $a10 961 $aRecupero: Mantegazza 996 $6245$aVol. 3$9(OLS)http://semarc/title/80712 LEADER 01090nam a2200241 i 4500 001 000000096444 003 CaOOAMICUS 005 20150324000000.0 008 150324s1737 it u000 u ita u 013 $a68686 026 $agar- n.6. h.a- (d(a (3) 1737 (R) 040 $aSeMil$bita 245 10$aOrazioni sacre composte, e recitate dal padre Serafino da Vicenza cappuccino. Deca terza .. 260 $aIn Venezia :$bPer Giambattista Regozza,$c1737. 300 $a198, [2] p. ;$c8º. 500 $aSegn. : A-M8 N4. 650 4$aPreghiere - Testi - Sec. 17.-19.$0(OLS)http://semarc/subject/8741 700 0 $aSerafino : da Vicenza.$0(OLS)http://semarc/name/14581 710 0 $aRegozza, Giambattista$c.$0(OLS)http://semarc/name/8736 850 $aSeMil 852 $aSeMil$W1$xVenegono$y1$m3D III 190 FA$j56146$B56146$CSeMilBibl$Z2$F64045 $8I 996 $6245$aOrazioni sacre composte, e recitate dal padre Serafino da Vicenza cappuccino. Deca terza ..$9(OLS)http://semarc/title/119466 996 $6260$aIn Venezia :$bPer Giambattista Regozza$9(OLS)http://semarc/publisher/43161